| 000 | 00738nam a22002177a 4500 | ||
|---|---|---|---|
| 999 |
_c19896 _d19896 |
||
| 003 | AR-CdUCM | ||
| 008 | 190304b ||||| |||| 00| 0 spa d | ||
| 020 | _a9631203772 | ||
| 040 |
_aMUNICIPALIDAD PROVINCIAL DEL CUSCO _cBIBLIOTECA MUNICIPAL DEL CUSCO |
||
| 082 |
_a890.2 / _bT74 |
||
| 100 |
_aToth, Eva _941599 |
||
| 245 |
_aAntologia de la poesia Hungara : _bDesde el siglo XIII hasta nuestros días / |
||
| 260 |
_aHungary : _bLa Habana, _c1981. |
||
| 300 |
_a346 páginas ; _c26 cm. |
||
| 505 | _aContenido : Poesías -- Lamentación de María -- Despedida de Varad -- Para mi es lamentable... | ||
| 650 |
_aLiteratura _983 |
||
| 650 |
_aPoesías _914363 |
||
| 650 |
_aHúngaras _941600 |
||
| 942 |
_2ddc _cLIBROS |
||
| 945 | _arcc | ||